Geography Chain Quiz #1 - Statistics

General Stats
  • This quiz has been taken 59 times
    57 since last reset
  • The average score is 6 of 15
Answer Stats
Hint Answer % Correct
City that contains the Taj Majal Agra
80%
3rd largest city in Japan Osaka
70%
Largest City in Myanmar Yangon
61%
City across the Rio Grande from Ciudad Juarez El Paso
59%
Largest City in Kazakhstan Almaty
50%
Point at 90 degrees north North Pole
43%
Country with Agadez Niger
39%
Country with East half of Lake Kivu Rwanda
36%
Country with the Jos Plateau Nigeria
34%
Yemen's largest island Socotra
34%
Country that contains the Absheron Peninsula Azerbaijan
32%
Country with Terschelling Island Netherlands
25%
City served by Félix Houphouët Airport Abidjan
16%
Largest Lake entirely in Uzbekistan Aydar
11%
Largest of Honduras's Bay islands Roatan
7%
No matching quizzes found
Score Distribution
Percent of People with Each Score
Percentile by Number Answered
Your Score History
You have not taken this quiz since the last reset